Hydrogen thresholds as indicators of dehalorespiration in constructed treatment wetlands /

保存先:
書誌詳細
その他の著者: Bowman, Kimberly S., Kassenga, Gabriel., Moe, William M., Pardue, John H.
フォーマット: 論文
言語:English
主題:
タグ: タグ追加
タグなし, このレコードへの初めてのタグを付けませんか!
Thư viện lưu trữ: Thư viện Trường Đại học Đà Lạt
LEADER 01039nam a2200349 4500
001 DLU090094417
005 ##20091201
040 # # |a DLU  |b eng 
041 # # |a eng 
044 # # |a us 
245 # # |a Hydrogen thresholds as indicators of dehalorespiration in constructed treatment wetlands /  |c Gabriel Kassenga ... [et al.]. 
653 # # |a Cometabolism 
653 # # |a Dehalogenation 
653 # # |a Metabolite 
653 # # |a Microbial community 
653 # # |a Organic compounds 
653 # # |a Rhizosphere 
653 # # |a Wetland 
700 # # |a Bowman, Kimberly S. 
700 # # |a Kassenga, Gabriel. 
700 # # |a Moe, William M. 
700 # # |a Pardue, John H. 
773 # # |t Environmental Science & Technology  |g Vol. 38, no. 4 (February 2004), p. 1024-1030 
920 # # |a Phòng Tạp chí -- Trung tâm Thông tin - Thư viện Trường Đại học Đà Lạt 
994 # # |a DLU 
900 # # |a True 
911 # # |a Trương Bảo Trâm Anh 
925 # # |a G 
926 # # |a A 
927 # # |a BB 
980 # # |a Thư viện Trường Đại học Đà Lạt